00624nam a2200181 a 450000100100000000500170001000800410002702000150006804000250008308200130010810000260012124500770014726000470022430000280027104900090029995201170030899900170042500002306320200930021950.0101125s1980 ja 001 0 eng d a0860082717 aDO-SdBNPbengcBNPHU ann*bnn*1 aOkita, Saburo.94747814aThe developing economies and Japan :blessons in growth /cSaburo Okita. aJapan :bUniversity of Tokyo Press,c1980. a284 p. :bil. ;c23 cm. aBNGR 001054708MOaGRbGRcCTd2010-11-25iLF1l0onn* nn*p23063-10r2020-06-25w2020-06-25y4ZPréstamo en sala c22560d22560